Catálogo
 En Linea
Vista normal Vista MARC

Entrada Nombre de reunión

Número de registros utilizados en: 1

001 - NÚMERO DE CONTROL

  • campo de control: 82979

003 - IDENTIFICADOR DEL NÚMERO DE CONTROL

  • campo de control: DO-SdBNP

005 - FECHA Y HORA DE LA ÚLTIMA TRANSACCIÓN

  • campo de control: 20221205103235.0

008 - DATOS DE LONGITUD FIJA

  • campo de control de longitud fija: 221205|| aca||aabn | a|a d

040 ## - FUENTE DE LA CATALOGACIÓN

  • Centro catalogador/agencia de origen: DO-SdBNP
  • Centro/agencia transcriptor: DO-SdBNP

111 ## - ENCABEZAMIENTO--NOMBRE DE CONGRESO/REUNIÓN

  • Nombre de congreso/reunión o jurisdicción como elemento de entrada: Seminario Latinoamericano sobre la Teoría y la Práctica en la Aplicación de la Medicina Tradicional en Sistemas Formales de Salud
  • Número del congreso/reunión o número de parte o sección: (2:
  • Fecha del congreso/reunión: 1992 :
  • Sede del congreso/Lugar de la reunión: Santo Domingo)

670 ## - FUENTE DE DATOS ENCONTRADOS

  • Cita de la fuente: Work cat.: (DO-SdBNP)11061: Seminario Latinoamericano sobre la Teoría y la Práctica en la Aplicación de la Medicina Tradicional en Sistemas Formales de Salud (2: 1992 : Santo Domingo), Medicina tradicional 500 años después :, 1993.

Con tecnología Koha